000 00573nam a22001937a 4500
999 _c18928
_d18928
003 AR-CdUCM
008 190515b ||||| |||| 00| 0 spa d
040 _aMUNICIPALIDAD PROVINCIAL DEL CUSCO
_cBIBLIOTECA MUNICIPAL DEL CUSCO
082 _a541.076 /
_bW82
100 _aWolfenden, J. H.
_939850
245 _aProblemas de química física superior /
260 _aMadrid :
_bAguilar,
_c1956.
300 _a197 páginas ;
_c22 cm.
500 _aProblemas.
650 _aFísica.
_92382
650 _aQuímica.
_94512
942 _2ddc
_cLIBROS
945 _arum
_d2019-05-15